000 02442nam2a22003851 4500
001 rc\253326
005 20250612172145.0
010 _a5-280-01146-0
_950000
035 _a(NLR Aleph) 008749955
090 _a9564484
_c9564484
100 _a20030307d1990 |||y0rusy50 ca
101 0 _arus
102 _aRU
105 _aa |||||||||
200 1 _aСтихотворения. Легенды. Баллады. Трагическая плоэма
_fПеревод С. Северцева
210 _d1990
_aБ. м.
215 _a493, [1] с.
_cил.
327 0 _aСодерж.: Стихотворения: Надпись на скале; Циклы: Бирюза - мой камень; Люблю мои горы; Утро любви; Волшебный ключ; Навстречу тебе!; Вдвоем в огне; Последняя ступень, и др.; Дракон и богатырь: Баллады и легенды; Красные жаворонки: Трагич. поэма
461 0 _1001rc\253324
_12001#$aСобрание сочинений$eВ 3 т.$eПер. с авар.$fФазу Алиева$g[Худож. Б. Юткин]$vТ. 2
_1700#1$aАлиева$bФ.Г.$gФазу Гамзатовна$f1932-
_97940211
_aАлиева, Ф. Г. (1932-2016)
_cМ.
_d1990-
_fФазу Алиева
_nХудож. лит.
_oВ 3 т. : Пер. с авар.
_tСобрание сочинений
_y5280011452
_vТ. 2
464 0 _12001#$aНадпись на скале
_tНадпись на скале
464 0 _12001#$aБирюза - мой камень
_tБирюза - мой камень
464 0 _12001#$aЛюблю мои горы
_tЛюблю мои горы
464 0 _12001#$aУтро любви
_tУтро любви
464 0 _12001#$aВолшебный ключ
_tВолшебный ключ
464 0 _12001#$aНавстречу тебе!
_tНавстречу тебе!
464 0 _12001#$aВдвоем в огне
_tВдвоем в огне
464 0 _12001#$aПоследняя ступень
_tПоследняя ступень
464 0 _12001#$aДракон и богатырь
_tДракон и богатырь
464 0 _12001#$aКрасные жаворонки
_tКрасные жаворонки
702 1 _aСеверцев
_bС.Л.
_gСергей Леонидович
_4730
801 0 _aRU
_bNLR
_gpsbo
801 1 _aRU
_bELAR
_2rusmarc
852 _aNLR
_j90-3/1839
942 _cBOOK
980 _aNB